00527 2200169 4500245008200000020002200082250001500104700001500119650002200134005001900156260005100175041001400226084000800240500005000248490005000298336000900348 aEnsiklopedia, Suku, Seni, dan Budaya Nasional b : Jilid 6cNurhasanahhText a978-602-7528-06-2 aEd. Revisi aNurhasanah aEnsiklopedia Seni a20231120143427 aJakartabEnsiklopedia Nasional Indonesiac2012 aIndonesia a703 aDaftar Isi : Singkil ; Singo Barong ; Sintang aEnsiklopedia, Suku, Seni, dan Budaya Nasional atext